[Event "TCh-ESP Hon Gp2"]
[Site "Sabadell ESP"]
[Date "2008.09.07"]
[Round "5"]
[White "Corrales Jimenez,F"]
[Black "Magem Badals,J"]
[Result "1/2-1/2"]
[WhiteElo "2504"]
[BlackElo "2500"]

1.e4 d6 2.d4 Nf6 3.Nc3 e5 4.Nf3 Nbd7 5.Bc4 Be7 6.O-O O-O 7.Re1 c6 8.a4 a5
9.h3 exd4 10.Qxd4 Nc5 11.Be3 Ncxe4 12.Nxe4 d5 13.Ned2 dxc4 14.Qxd8 Rxd8 15.Bb6 Re8
16.Nxc4 Be6 17.Nfe5 Ra6 18.Bc7 Nd5 19.Bd6 Nb6 20.Bxe7 Nxc4 21.Nxc4 Bxc4 22.Bd6 Be6
23.f4 Rd8 24.Rad1 h5 25.Bc5 Rxd1 26.Rxd1 Bf5 27.Rd8+ Kh7 28.Rb8 Bxc2 29.Rxb7 Kg6
30.b3 Ra8 31.Kf2 Rd8 32.g4 hxg4 33.hxg4 Rd2+ 34.Ke1 Rd3 35.b4 axb4 36.a5 Rd1+
37.Kf2 Ra1 38.Bxb4 c5 39.Bd2 Ra2 40.Kg3 Ra3+ 41.Kf2 Bd1 42.f5+ Kf6 43.g5+ Kxf5
44.Rxf7+ Kg6 45.Rc7 Bg4 46.Rxc5 Bf5 47.Be3 Be4 48.Rb5 Kh5 49.Bc1 Rf3+ 50.Ke2 Rc3
51.Kd1 Rd3+ 52.Bd2 Ra3 53.Re5 Bd3 54.Rd5 Be4 55.Rd4 Bf5 56.Rd5 g6 57.Rd6 Kg4
58.Rb6 Bd3 59.Kc1 Ra1+ 60.Kb2 Rb1+ 61.Kc3 Rxb6 62.axb6 Be4 63.Kd4 Kf5 64.Kc5 Ke6  1/2-1/2

[Event "Masters"]
[Site "Trieste ITA"]
[Date "2008.09.07"]
[Round "9"]
[White "Fercec,N"]
[Black "Scalcione,M"]
[Result "1-0"]
[WhiteElo "2486"]
[BlackElo "2398"]

1.e4 d6 2.d4 Nf6 3.Nc3 e5 4.Nf3 Nbd7 5.g4 Nxg4 6.Rg1 Ngf6 7.Bc4 h6 8.Be3 c6
9.dxe5 dxe5 10.Qd3 b5 11.Bb3 Qa5 12.O-O-O Ba6 13.Nd2 c5 14.Bd5 c4 15.Qf1 Rc8
16.Kb1 Qc7 17.a3 Rb8 18.Kc1 b4 19.axb4 Rxb4 20.Ndb1 g5 21.h4 g4 22.f4 Bd6
23.fxe5 Bxe5 24.Qf5 Bc8 25.Bd4 Ke7 26.Rgf1 Bxd4 27.Rxd4 Qe5 28.Qf2 Nb6 29.Rd2 Nbd7
30.Na3 Ba6 31.Bxf7 Rhb8 32.Rd5 Qc7 33.Qf5 Qg3 34.Qe6+ Kf8 35.Rxd7 Qe3+ 36.Kd1 Nxd7
37.Bg6+  1-0

[Event "XXV Aniversario"]
[Site "Parla ESP"]
[Date "2008.09.09"]
[Round "4"]
[White "Vazquez Gonzalez,F"]
[Black "Rodriguez Centenera,S"]
[Result "1-0"]
[WhiteElo "2125"]
[BlackElo "1674"]

1.e4 d6 2.d4 Nf6 3.Nc3 e5 4.dxe5 dxe5 5.Qxd8+ Kxd8 6.Bc4 Be6 7.Bxe6 fxe6
8.Nf3 Bb4 9.Nxe5 Nxe4 10.Nf7+ Ke7 11.Nxh8 Nxc3 12.a3 Nd5+ 13.axb4 Nc6 14.c3 b6
15.Bg5+ Nf6 16.O-O Rxh8 17.b5 Ne5 18.Rxa7 Rc8 19.Bf4 Nfd7 20.Bxe5 Nxe5 21.Rd1 Nc4
22.b3 Nd6 23.c4 Ne4 24.f3 Nc5 25.b4 Nd7 26.Rc1 Kd6 27.c5+ bxc5 28.Ra6+ Ke7
29.bxc5 Rb8 30.b6 cxb6 31.c6 Nc5 32.Ra7+ Kf6 33.c7 Rc8 34.Rd1 Ke7 35.Rd8 Rxd8
36.c8=Q+  1-0

[Event "I Liga Seniorow"]
[Site "Ustron POL"]
[Date "2008.09.10"]
[Round "5"]
[White "Staniszewski,Pi"]
[Black "Markowski,T"]
[Result "1/2-1/2"]
[WhiteElo "2416"]
[BlackElo "2606"]

1.d4 d6 2.e4 Nf6 3.Nc3 e5 4.Nf3 Nbd7 5.Bc4 Be7 6.dxe5 Nxe5 7.Nxe5 dxe5 8.Qxd8+ Bxd8
9.f4 Nd7 10.a4 c6 11.a5 exf4 12.Bxf4 Bf6 13.Bd6 Ne5 14.Bb3 Be6 15.Bxe6 fxe6
16.Ra4 O-O-O 17.Bc5 Kb8 18.Ke2 Ng6 19.Raa1 Ne5 20.Ra4 h5 21.Rd1 h4 22.h3 Ng6
23.Raa1 Rxd1 24.Rxd1 Rh5 25.Na4 Rh8 26.b4 Re8  1/2-1/2

[Event "IV Geller Memorial"]
[Site "Odessa UKR"]
[Date "2008.09.11"]
[Round "3"]
[White "Chudinovskikh,A"]
[Black "Pervakov,S"]
[Result "1-0"]
[WhiteElo "2371"]
[BlackElo "2202"]

1.e4 Nf6 2.Nc3 d6 3.d4 c6 4.f4 Qa5 5.e5 Ne4 6.Qf3 Nxc3 7.Bd2 Bf5 8.Bxc3 Qd5
9.Qf2 Nd7 10.b3 Qe4+ 11.Kd1 g5 12.Bd3 Bg4+ 13.Nf3 Qxf4 14.Bd2 Bxf3+ 15.gxf3 Qh4
16.Qxh4 gxh4 17.exd6 e6 18.Bf4 Bg7 19.c3 O-O-O 20.Rg1 Bf6 21.Kc2 c5 22.dxc5 Nxc5
23.Bc4 a6 24.a4 Nd7 25.Rad1 Nb6 26.Bf1 Nd5 27.Rxd5 exd5 28.Bh3+ Kb8 29.d7+ Ka8
30.Rd1 d4 31.cxd4 h6 32.Kd3 Bg5 33.Be5 Rhg8 34.f4 Be7 35.Rc1 f6 36.Rc8+ Ka7
37.Bb8+ Kb6 38.Bc7+ Ka7 39.a5  1-0

[Event "VII Open"]
[Site "Bergamo ITA"]
[Date "2008.09.12"]
[Round "1"]
[White "Ranfagni,S"]
[Black "Tratar,M"]
[Result "0-1"]
[WhiteElo "2049"]
[BlackElo "2486"]

1.e4 d6 2.d4 Nf6 3.Nc3 e5 4.Nf3 Nbd7 5.Bc4 Be7 6.Ng5 O-O 7.Bxf7+ Rxf7 8.Ne6 Qe8
9.Nxc7 Qd8 10.Nxa8 b6 11.dxe5 Nxe5 12.O-O Bb7 13.f3 Qxa8 14.Bg5 d5 15.Bxf6 Bxf6
16.Nxd5 Bxd5 17.Qxd5 Qxd5 18.exd5 Nc4 19.Rfe1 Rd7 20.b3 Bd4+ 21.Kf1 Bxa1
22.bxc4 Bd4 23.Re4 Bc5 24.a4 Kf7 25.Ke2 Bd6 26.g3 g5 27.Kd3 Re7 28.a5 Rxe4
29.fxe4 Kf6 30.axb6 axb6 31.Ke3 g4 32.Kd4 Bc5+ 33.Kc3 Ke5 34.Kb3 Kxe4 35.Ka4 Ke5
36.Kb5 Kd6 37.c3 Kc7 38.Ka6 h5 39.Kb5 Kb7  0-1

[Event "VII Open"]
[Site "Bergamo ITA"]
[Date "2008.09.12"]
[Round "2"]
[White "Corbellini,N"]
[Black "Scipioni,G"]
[Result "0-1"]
[WhiteElo "1963"]
[BlackElo "2077"]

1.e4 d6 2.d4 Nf6 3.Nc3 c6 4.Be3 Nbd7 5.h3 e5 6.dxe5 dxe5 7.Nf3 Be7 8.Bd3 O-O
9.O-O b5 10.Ne2 Bb7 11.Ng3 g6 12.Re1 Qc7 13.Qe2 Rfe8 14.c3 a6 15.Bc2 c5 16.Nh2 c4
17.Bg5 Nc5 18.Bxf6 Bxf6 19.Ng4 Bg7 20.Ne3 Ne6 21.Rad1 Nf4 22.Qf3 f5 23.Nd5 Bxd5
24.exd5 Bh6 25.d6 Qc5 26.b4 cxb3 27.Bxb3+ Kh8 28.d7 Rf8 29.Qb7 e4 30.Bf7 Rab8
31.Qxa6 Nd3 32.Rxd3 exd3 33.Re8 d2 34.Qf6+ Bg7 35.d8=Q Rxe8 36.Bxe8 d1=Q+
37.Qxd1 Bxf6 38.Bf7 Qxc3 39.Ne2 Qe5 40.Ng3 Rd8 41.Qb3 Qe1+ 42.Kh2 Rd1 43.Nxf5 gxf5
44.Qa3 Be5+  0-1

[Event "DMP Ekstraliga"]
[Site "Karpacz POL"]
[Date "2008.09.12"]
[Round "7"]
[White "Navara,D"]
[Black "Koziak,V"]
[Result "1-0"]
[WhiteElo "2646"]
[BlackElo "2489"]

1.e4 d6 2.d4 Nf6 3.Nc3 e5 4.Nf3 Nbd7 5.Bc4 Be7 6.O-O O-O 7.Re1 c6 8.a4 b6
9.b3 a6 10.Ba3 Rb8 11.Bd3 Re8 12.Ne2 Bf8 13.Ng3 Qc7 14.Qd2 Bb7 15.Nf5 exd4
16.Qg5 Nc5 17.e5 dxe5 18.Bxc5 bxc5 19.Nxe5 Kh8 20.Nh6 Re7 21.Bc4 Nd5 22.Qxe7 gxh6
23.Qxc7 Nxc7 24.Nd7  1-0

[Event "4th ch-EU"]
[Site "Liverpool ENG"]
[Date "2008.09.12"]
[Round "4"]
[White "Storey,Ch"]
[Black "Shaw,J"]
[Result "0-1"]
[WhiteElo "2268"]
[BlackElo "2469"]

1.e4 d6 2.d4 Nf6 3.Nc3 e5 4.Nf3 Nbd7 5.Bc4 Be7 6.O-O O-O 7.Re1 c6 8.a4 b6
9.d5 cxd5 10.Nxd5 Bb7 11.b3 Rc8 12.Ra2 Nxd5 13.Bxd5 Bxd5 14.Qxd5 Nf6 15.Qb5 Rc5
16.Qe2 d5 17.exd5 e4 18.Nd2 e3 19.fxe3 Rxd5 20.Nf3 Re8 21.c3 Ne4 22.Rc2 Bf6
23.Bb2 Rd7 24.b4 Qe7 25.Nd4 h6 26.Qd3 Rc8 27.Rf1 Bg5 28.Rf3 Qe8 29.g3 Rdd8
30.h4 Bf6 31.Rc1 Rd7 32.Rcf1 Bd8 33.c4 Bc7 34.g4 f6 35.h5 Bb8 36.Rc1 Kh8
37.Rc2 Rdd8 38.b5 Ng5 39.Rf5 Be5 40.a5 Qf7 41.Qf1 Bxd4 42.exd4 Re8 43.Bc1 Re4
44.Rf4 Rce8 45.Rxe4 Rxe4 46.Bxg5 hxg5 47.Qf5 Qe8 48.Rf2 Rxd4 49.h6 Qe1+ 50.Kh2 Rd1
51.hxg7+ Kg8 52.Qc8+ Kxg7 53.Qb7+ Kg6 54.Qf3 Qg1+ 55.Kh3 Qh1+ 56.Qxh1 Rxh1+
57.Kg3 Rc1 58.axb6 axb6 59.Rf5 Rc3+ 60.Kf2 Rxc4 61.Kf3 Rc3+ 62.Ke4 Rg3 63.Kd5 Rxg4
64.Rf1 Rb4 65.Kc6 g4 66.Kxb6 Kg5 67.Kc6 f5 68.b6 g3 69.b7 f4 70.Ra1 g2 71.Ra8 Kh4
72.Ra4 Rxb7 73.Rxf4+ Kg3 74.Rf8 Rg7  0-1

[Event "IV Geller Memorial"]
[Site "Odessa UKR"]
[Date "2008.09.12"]
[Round "4"]
[White "Varchenko,G"]
[Black "Garifulin,A"]
[Result "0-1"]
[WhiteElo "2162"]
[BlackElo "2288"]

1.e4 d6 2.d4 Nf6 3.Nc3 Nbd7 4.Nf3 e5 5.Bc4 Be7 6.Bb3 O-O 7.O-O c6 8.a4 a5
9.h3 exd4 10.Nxd4 Nc5 11.Qe2 Nxb3 12.Nxb3 Nd7 13.Bf4 Ne5 14.Rad1 Qc7 15.Nd4 Re8
16.Rfe1 Bf8 17.b3 Bd7 18.Bc1 Ng6 19.Qd3 Rad8 20.Qg3 Bc8 21.h4 h5 22.Bg5 Be7
23.Nf5 Bxg5 24.Qxg5 Re5 25.Qxh5 Rde8 26.Re3 d5 27.Qe2 Bxf5 28.exf5 Nxh4 29.Rxe5 Rxe5
30.Qg4 Nxf5 31.g3 Qe7 32.Rd2 g6 33.Ne2 Qb4 34.Qg5 Nh4 35.Qd8+ Kg7 36.Qxh4 Qxd2
37.Nf4 Qe1+ 38.Kg2 Qe4+ 39.Kg1 Qxc2 40.Kg2 Qe4+ 41.Kg1 d4 42.Qd8 d3  0-1

[Event "XXV Aniversario"]
[Site "Parla ESP"]
[Date "2008.09.12"]
[Round "7"]
[White "Baeza Escudero,J"]
[Black "Rodriguez Centenera,S"]
[Result "1-0"]
[WhiteElo "1971"]
[BlackElo "1674"]

1.e4 d6 2.d4 Nf6 3.Nc3 e5 4.dxe5 dxe5 5.Qxd8+ Kxd8 6.Bc4 Be6 7.Bxe6 fxe6
8.f3 Nbd7 9.Be3 Bc5 10.Bxc5 Nxc5 11.O-O-O+ Ke7 12.Nh3 h6 13.Nf2 Rad8 14.b4 Ncd7
15.Nd3 a6 16.a4 b6 17.Rd2 Nh5 18.g3 Rhf8 19.Rf1 Rf7 20.Nd1 Rdf8 21.Rdf2 Nhf6
22.Ne3 b5 23.a5 g5 24.c4 c6 25.c5 h5 26.h3 Ke8 27.Kd2 Ke7 28.Ke2 Ke8 29.Rd1 Ke7
30.Rff1 Rd8 31.Rd2 Rff8 32.Rfd1 Rg8 33.Nf2 Ne8 34.Ng2 Rf8 35.Ke3 Rg8 36.Nd3 Nef6
37.Nf2 Ne8 38.Rd3 Rf8 39.h4 Rg8 40.g4 gxh4 41.Nxh4 Nef6 42.gxh5 Nxh5 43.Ng4 Nhf6
44.Nxf6 Nxf6 45.Rxd8 Rxd8 46.Ng6+ Ke8 47.Rxd8+ Kxd8 48.Nxe5 Kc7 49.Kf4 Ne8
50.Kg5 Kb7 51.Kg6 Nc7 52.Kf7 Kc8 53.Nxc6 Kd7 54.Ne5+ Kd8 55.Nc6+ Kd7 56.Nd4 e5
57.Nf5 Ne8 58.Ng7 Nc7 59.Kf6  1-0

[Event "7th Georgiev - Kesarovski Mem"]
[Site "Sunny Beach BUL"]
[Date "2008.09.12"]
[Round "6"]
[White "Rusev,K"]
[Black "Janev,E"]
[Result "1-0"]
[WhiteElo "2508"]
[BlackElo "2502"]

1.d4 d6 2.e4 Nf6 3.Nc3 e5 4.dxe5 dxe5 5.Qxd8+ Kxd8 6.Bc4 Ke8 7.f3 a6 8.Be3 Be6
9.Bxe6 fxe6 10.Nh3 Bd6 11.Nf2 Nc6 12.Nb1 Nd7 13.c3 Bc5 14.Ke2 Bxe3 15.Kxe3 Ke7
16.Nd2 Rhd8 17.Nd3 b5 18.Rhc1 Rdb8 19.g3 Na5 20.c4 b4 21.c5 Nc6 22.f4 Rb5
23.Nf3 exf4+ 24.gxf4 Rf8 25.b3 g6 26.h4 Nf6 27.Rg1 a5 28.Rac1 a4 29.Nfe5 Nxe5
30.Nxe5 axb3 31.axb3 Ra8 32.Rc2 Ra3 33.Kd4 Kf8 34.Kc4 Raa5 35.Kd4 Ra6 36.Rd1 Rb8
37.Kc4 Ke8 38.Re2 Nh5 39.Red2 Nxf4 40.Rf2 g5 41.hxg5 Ng6 42.Nxg6 hxg6 43.Rdf1 Kd7
44.Rf7+ Kc6 45.Re7 Ra2 46.Rxe6+ Kd7 47.Rxg6 Rc2+ 48.Kd4 Rd8 49.Rf5 Kc8+ 50.Rd5 Re8
51.c6 Rd2+ 52.Kc5 Rb2 53.Kxb4 Re2 54.e5 Re4+ 55.Ka3 Kb8 56.Rb5+ Ka7 57.Rb7+ Ka6
58.e6 R4xe6 59.Rxe6 Rxe6 60.Rb4 Rg6 61.Rg4 Kb5 62.Kb2 Kxc6 63.Kc3 Kd5 64.Rg1 Ke5
65.b4 Kd5 66.Kd3 Ke5 67.Kc4 Kf5 68.Kc5 Ke4 69.b5 Kf3 70.Rf1+ Ke4 71.Re1+ Kf5
72.Re7 Rxg5 73.Kc6 Kf6 74.Rxc7 Ke6 75.Rc8 Ke7 76.b6 Rg6+ 77.Kc7 Rg1 78.b7 Rc1+
79.Kb6 Rb1+ 80.Kc6  1-0

[Event "I Liga Seniorow"]
[Site "Ustron POL"]
[Date "2008.09.12"]
[Round "7"]
[White "Krainski,J"]
[Black "Murawski,G"]
[Result "0-1"]
[WhiteElo "2081"]
[BlackElo "2304"]

1.e4 d6 2.d4 Nf6 3.Nc3 Nbd7 4.Nf3 e5 5.a4 Be7 6.Bc4 O-O 7.O-O c6 8.dxe5 dxe5
9.Qe2 Qc7 10.Nh4 Nc5 11.Nf5 Bxf5 12.exf5 Rad8 13.Bg5 Nd5 14.Bxe7 Qxe7 15.Ne4 Nf4
16.Qg4 Nxe4 17.Rfe1 Rd4 18.Ba2 Nf6 19.Qf3 N4d5 20.c3 Rf4 21.Qh3 e4 22.g3 Rf3
23.Re2 Nf4  0-1

[Event "VII Open"]
[Site "Bergamo ITA"]
[Date "2008.09.13"]
[Round "4"]
[White "Sumets,A"]
[Black "Scipioni,G"]
[Result "1-0"]
[WhiteElo "2534"]
[BlackElo "2077"]

1.e4 d6 2.d4 Nf6 3.Nc3 c6 4.a4 Nbd7 5.Nf3 e5 6.Bc4 Be7 7.O-O O-O 8.Re1 h6
9.b3 Re8 10.h3 Qc7 11.Bb2 Nf8 12.Qd2 Be6 13.Bf1 Rad8 14.Rad1 Ng6 15.g3 Nh7
16.Kh2 Qc8 17.Qe3 Ng5 18.Ng1 Nh7 19.dxe5 dxe5 20.Qxa7 Rxd1 21.Rxd1 Rd8 22.Rxd8+ Qxd8
23.Qe3 Bg5 24.Qd3 Qf6 25.Nd1 Qe7 26.Ne3 Bf6 27.Nf3 Ng5 28.Nd2 h5 29.h4 Nh7
30.Bh3 Bxh3 31.Kxh3 Bxh4 32.Nf5 Qe6 33.Qd6 Bf6 34.Qxe6 Ng5+ 35.Kg2 Nxe6 36.Nd6 Nd8
37.a5 h4 38.Nxb7 Ne6 39.a6 Nc7 40.a7 Ne7 41.Nd8 hxg3 42.fxg3 Kf8 43.Ba3 Ke8
44.Bxe7 Bxe7 45.Nxc6 Bc5 46.b4  1-0

[Event "VII Open"]
[Site "Bergamo ITA"]
[Date "2008.09.13"]
[Round "4"]
[White "Kogan,Ar"]
[Black "Ferretti,F"]
[Result "1/2-1/2"]
[WhiteElo "2569"]
[BlackElo "2284"]

1.e4 d6 2.d4 Nf6 3.Nc3 e5 4.Nf3 Nbd7 5.Bc4 Be7 6.O-O O-O 7.a4 c6 8.Re1 b6
9.Bg5 Bb7 10.Bxf6 Bxf6 11.d5 cxd5 12.Bxd5 Bxd5 13.Nxd5 Rc8 14.Qe2 Be7 15.Red1 Nf6
16.Nxe5 Nxd5 17.Rxd5 Qc7 18.Nf3 Qxc2 19.Rd2 Qc4 20.Nd4 Rfe8 21.Nf5 Qxe2 22.Rxe2 Bf8
23.Kf1 g6 24.Ng3 Rc4 25.f3 Rec8 26.b3 Rb4 27.Re3 Rc2 28.Rb1 Rd4 29.Re2 Rdd2
30.Rbe1  1/2-1/2

[Event "4th ch-EU"]
[Site "Liverpool ENG"]
[Date "2008.09.13"]
[Round "5"]
[White "Jones,G"]
[Black "Sebenik,M"]
[Result "1/2-1/2"]
[WhiteElo "2549"]
[BlackElo "2485"]

1.e4 d6 2.d4 Nf6 3.Nc3 e5 4.Nf3 Nbd7 5.Bc4 Be7 6.O-O O-O 7.Re1 a6 8.a4 b6
9.b3 Bb7 10.Bb2 c6 11.Bd3 g6 12.Nb1 exd4 13.Nxd4 Re8 14.f4 Bf8 15.Nd2 Bg7
16.c3 Qc7 17.N4f3 Nc5 18.Bc2 Rad8 19.c4 Nh5 20.Bxg7 Kxg7 21.b4 Nd7 22.g3 Nhf6
23.Qb1 a5 24.b5 cxb5 25.axb5 Qc5+ 26.Kh1 Re7 27.Qb2 Rde8 28.Re2 Kg8 29.Rae1 d5
30.cxd5 Nxd5 31.Bd3 Nb4 32.Bc4 Qh5 33.Re3 Nc5 34.Ng5 Qg4 35.Ndf3 Bd5 36.exd5 Rxe3
37.Rxe3 Rxe3 38.d6 Ne6 39.Qd2 Rxf3 40.d7 Nd8 41.Nxf7 Rf1+ 42.Kg2 Qf3+ 43.Kh3 Qh5+  1/2-1/2

[Event "I Liga Seniorow"]
[Site "Ustron POL"]
[Date "2008.09.13"]
[Round "8"]
[White "Kryvoruchko,Y"]
[Black "Markowski,T"]
[Result "1/2-1/2"]
[WhiteElo "2628"]
[BlackElo "2606"]

1.e4 d6 2.d4 Nf6 3.Nc3 e5 4.Nf3 Nbd7 5.Bc4 Be7 6.O-O O-O 7.Re1 c6 8.a4 b6
9.Ba2 a6 10.h3 Rb8 11.Be3 b5 12.axb5 axb5 13.Nd2 exd4 14.Bxd4 Bb7 15.Be3 Re8
16.Ne2 Bf8 17.Ng3 c5 18.c4 b4 19.Bb1 g6 20.Bf4 Ne5 21.Bc2 Ra8 22.Ngf1 Nfd7
23.Ne3 Nb6 24.Bg3 Bg7 25.Rxa8 Qxa8 26.b3 Qd8 27.Nd5 Nxd5 28.exd5 f5 29.Kf1 Bc8
30.f4 Nf7 31.Rxe8+ Qxe8 32.Qe2 Qd8 33.Nf3 Bd7 34.Bh4 Bf6 35.Bxf6 Qxf6 36.Kf2 h6
37.h4 Kf8 38.g3 Qc3  1/2-1/2

[Event "VII Open"]
[Site "Bergamo ITA"]
[Date "2008.09.14"]
[Round "5"]
[White "Korneev,O"]
[Black "Borgo,G"]
[Result "1-0"]
[WhiteElo "2631"]
[BlackElo "2442"]

1.e4 d6 2.d4 Nf6 3.Nc3 e5 4.Nf3 Nbd7 5.Bc4 Be7 6.O-O O-O 7.Re1 c6 8.a4 b6
9.h3 Bb7 10.Ba2 a6 11.dxe5 dxe5 12.Nh4 Nc5 13.Nf5 Bc8 14.Qf3 Be6 15.Qg3 Bxf5
16.exf5 Ncd7 17.Bh6 Ne8 18.Rad1 Kh8 19.Bc1 Qc7 20.Ne4 Ndf6 21.Ng5 Bd6 22.Qh4 Kg8
23.Nf3 Rd8 24.Nh2 Be7 25.Rxd8 Bxd8 26.Qg3 Nd6 27.Ng4 Nxf5 28.Qxe5 Qd7 29.Qf4 Nd4
30.Nxf6+ Bxf6 31.Qe4 Rd8 32.c3 Ne6 33.Qf5 Re8 34.Bb1 Nf8 35.Be3 Qc7 36.Rd1 Be5
37.Ba2 g6 38.Qf3 Ne6 39.g3 b5 40.axb5 axb5 41.Kg2 Kg7 42.h4 h5 43.Bb3 Kg8
44.Ra1 c5 45.Bd5 Kg7 46.Ra6 Bd6 47.b4 Re7 48.bxc5 Bxc5 49.Rc6 Qa7 50.Bxc5 Nxc5
51.Qf6+ Kh7 52.Rc8  1-0

[Event "VII Open"]
[Site "Bergamo ITA"]
[Date "2008.09.14"]
[Round "6"]
[White "Martinez,Ro"]
[Black "Ferretti,F"]
[Result "1-0"]
[WhiteElo "2441"]
[BlackElo "2284"]

1.e4 d6 2.d4 Nf6 3.Nc3 e5 4.Nf3 Nbd7 5.Bc4 Be7 6.O-O O-O 7.Re1 c6 8.a4 b6
9.b3 a6 10.Bd3 Re8 11.Bb2 Bb7 12.Ne2 Qc7 13.Ng3 Bf8 14.c4 exd4 15.Nxd4 g6
16.Qd2 Bg7 17.Ndf5 Bh8 18.Bc2 d5 19.exd5 cxd5 20.Ne7+ Kf8 21.Nxd5 Bxd5 22.cxd5 Qd6
23.Rxe8+ Rxe8 24.Ba3 Nc5 25.b4 Qxd5 26.Qc3 Ne6 27.Rd1 Qb7 28.Be4 Qc7 29.Qxc7 Nxc7
30.Bc6 Re6 31.b5+ Kg7 32.Rd8 h5 33.Rc8 Ncd5 34.Bxd5 Nxd5 35.bxa6 Re1+ 36.Nf1  1-0

[Event "4th ch-EU"]
[Site "Liverpool ENG"]
[Date "2008.09.14"]
[Round "6"]
[White "Luther,T"]
[Black "Shaw,J"]
[Result "1-0"]
[WhiteElo "2570"]
[BlackElo "2469"]

1.e4 d6 2.d4 Nf6 3.Nc3 e5 4.Nf3 Nbd7 5.Bc4 Be7 6.O-O O-O 7.a4 c6 8.Re1 b6
9.Ba2 a6 10.Be3 Ng4 11.Bd2 Rb8 12.Ne2 h6 13.Ng3 Re8 14.Nf5 Bf8 15.Ng5 hxg5
16.Qxg4 Nf6 17.Qxg5 Bxf5 18.Qxf5 exd4 19.Qf3 Qd7 20.h3 b5 21.c3 bxa4 22.cxd4 d5
23.exd5 Nxd5 24.Rxe8 Rxe8 25.Qd3 Nb4 26.Bxb4 Bxb4 27.Qxa6 Qxd4 28.Qxc6 Re7
29.Qxa4 Bc5 30.Qc2 Bb6 31.Bc4 Qe5 32.Rd1 Qf6 33.b3 g6 34.g3 Kg7 35.Kg2 Rc7
36.Qe2 Re7 37.Qf3 Qb2 38.h4 Qc2 39.Rd6 Bc5 40.Qf6+ Kh7 41.Rd8 Qe4+ 42.Kh2  1-0

[Event "58th ch-HUN KO"]
[Site "Nyiregyhaza HUN"]
[Date "2008.09.14"]
[Round "1.3"]
[White "Balogh,C"]
[Black "Czebe,A"]
[Result "1-0"]
[WhiteElo "2624"]
[BlackElo "2480"]

1.e4 d6 2.d4 Nf6 3.Nc3 e5 4.Nf3 Nbd7 5.Bc4 Be7 6.O-O c6 7.a4 h6 8.Ba2 Qc7
9.Nh4 Nf8 10.dxe5 dxe5 11.Qf3 Bg4 12.Qg3 g5 13.Nf5 Ng6 14.Nxh6 Rxh6 15.Bxg5 Rh8
16.Bxf6 Bxf6 17.Qxg4 Rh4 18.Qf3 Ke7 19.Ne2 Rah8 20.h3 Nf4 21.Nxf4 Rxf4 22.Qb3 Kf8
23.Rad1 Be7 24.Rd3 Bc5 25.Rf3 Rhh4 26.Qc4 Qe7 27.Rxf4 Rxf4 28.g3 Rf6 29.Kg2 a5
30.f4 b6 31.fxe5 Qxe5 32.Rxf6 Qxf6 33.Qf1 Qe7 34.Qf5 Bd4 35.c3 Be5 36.Bxf7 Qd6
37.Bc4+ Ke7 38.h4 Kd8 39.Qe6 Qd2+ 40.Kh3 Bd6 41.Qg8+ Kc7 42.Qg7+ Kd8 43.Qg5+ Qxg5
44.hxg5 Ke7 45.Kg4 Bc5 46.Kf5 Be3 47.Be6 Bc1 48.b3 Bb2 49.c4 Bg7 50.e5 Bh8
51.Bc8 c5 52.Be6 Bg7 53.Bd5 Bh8 54.e6 Bc3 55.g4 Bb2 56.Kg6 Bc1 57.Kh5 Bb2
58.Kg6 Bc3 59.Kh6 Bd2 60.Kg6 Bc3 61.Kf5 Bb2 62.Bc6 Bc3 63.Bd7 Bb2 64.g6 Bg7
65.Bc6 Kd6 66.Bd5 Ke7 67.g5 Kd6 68.Be4 Ke7 69.Bc6 Kd6 70.Bd7 Ke7 71.Bc8 Kd6
72.Ke4 Bb2 73.g7 Bxg7 74.Kf5 Bc3 75.Kg6 Bd2 76.Kf6 Be1 77.e7  1-0

[Event "58th ch-HUN KO"]
[Site "Nyiregyhaza HUN"]
[Date "2008.09.14"]
[Round "1.4"]
[White "Szabo,Krisz1"]
[Black "Ruck,R1"]
[Result "1/2-1/2"]
[WhiteElo "2510"]
[BlackElo "2574"]

1.e4 d6 2.d4 Nf6 3.Nc3 e5 4.Nf3 Nbd7 5.Bc4 Be7 6.O-O O-O 7.Re1 c6 8.a4 b6
9.d5 cxd5 10.Nxd5 Bb7 11.b3 Rc8 12.Re2 Nc5 13.Nxf6+ Bxf6 14.Bd5 Qd7 15.Rb1 Bxd5
16.Qxd5 Ne6 17.Qd1 Qc6 18.c4 Nc5 19.Qe1 a6 20.Ba3 Nd3 21.Qd2 Nf4 22.Ree1 Rfd8
23.g3 Ne6 24.Qe2 h6 25.Red1 Rd7 26.Rb2 Rcd8 27.Rbd2 Nc5 28.Bxc5 bxc5 29.h4 Rb7
30.Rd3 Qc7 31.Nh2 Rdb8 32.Qf3 Be7 33.Nf1 Bf8 34.Rc1 Qc8 35.Rcc3 Qe6 36.Ne3 g6
37.h5 Be7 38.hxg6 fxg6 39.Qg4 Qxg4 40.Nxg4 h5 41.Ne3 Kf7 42.Nd5 Bd8 43.Rf3+ Kg7
44.Kg2 Bg5 45.Kh3 Rf7 46.Rxf7+ Kxf7 47.Nc7 Rb7 48.Nd5 Ke6 49.f4 exf4 50.gxf4 Bd8
51.Rg3 Kf7 52.Rf3 Rb8 53.Kg2 Rb7 54.Kf1 Ke6 55.Ke2 Rh7 56.Rh3 g5 57.fxg5 Bxg5
58.Rg3 Bd8 59.Ne3 h4 60.Rh3 Rg7 61.Nf5 Rg1 62.Nxh4 Bxh4 63.Rxh4 Rg3 64.Rh7 Rxb3
65.Ra7 Rb4 66.Rxa6 Rxc4 67.Kf3 Ke5 68.a5 Rc3+ 69.Ke2 Ra3 70.Kd2 Kxe4 71.Rxd6 Rxa5  1/2-1/2

[Event "EYg16"]
[Site "Herceg Novi MNE"]
[Date "2008.09.15"]
[Round "1"]
[White "Penne,B"]
[Black "Grigorian,Mar"]
[Result "0-1"]
[WhiteElo "1881"]
[BlackElo "2131"]

1.e4 d6 2.d4 Nf6 3.Nc3 e5 4.dxe5 dxe5 5.Qxd8+ Kxd8 6.Bg5 Be6 7.O-O-O+ Nd7
8.f4 exf4 9.e5 h6 10.Bxf6+ gxf6 11.exf6 Bc5 12.Nge2 c6 13.h3 Kc7 14.Kb1 Be3
15.Ne4 Rhg8 16.g3 Rae8 17.Bg2 fxg3 18.N2xg3 Bd5 19.Rhe1 Bxe4 20.Nxe4 Rxg2
21.Rxe3 Nxf6 22.Rg3 Rxg3 23.Nxg3 Re3 24.Rg1 Kd7 25.Kc1 Ke6 26.h4 Ke5 27.Kd1 Ne4
28.Ne2 Rh3 29.c3 Rxh4 30.Rg8 Nd6 31.Kd2 f5 32.b3 h5 33.Rh8 Rh1 34.Kd3 Rh3+
35.Kd2 f4  0-1

[Event "EYg16"]
[Site "Herceg Novi MNE"]
[Date "2008.09.15"]
[Round "1"]
[White "Uusitupa,E"]
[Black "Veretennikova,D"]
[Result "0-1"]
[WhiteElo "1696"]
[BlackElo "2002"]

1.e4 d6 2.d4 Nf6 3.Nc3 e5 4.dxe5 dxe5 5.Qxd8+ Kxd8 6.Bc4 Be6 7.Bxe6 fxe6
8.Bd2 a6 9.f3 Bd6 10.O-O-O Ke7 11.Nh3 Nbd7 12.Be3 b5 13.a4 Rhb8 14.axb5 axb5
15.Kd2 b4 16.Ne2 Ra2 17.b3 Bc5 18.Rc1 Rb6 19.Bxc5+ Nxc5 20.Nf2 Nxb3+ 21.Kd3 Nxc1+
22.Nxc1 Rd6+ 23.Ke3 Rxc2 24.Ncd3 Nd7 25.Nxb4 Rc3+ 26.Ke2 c5 27.Nbd3 Rc2+
28.Ke1 c4 29.Nb4 Rc1+ 30.Ke2 Rxh1 31.Nxh1 Nc5 32.Ng3 c3 33.Nf1 Nb3 34.Ne3 Nd4+
35.Ke1 Rd7 36.h3 h6 37.Kf2 c2 38.Na2 Nb3  0-1

[Event "EYg18"]
[Site "Herceg Novi MNE"]
[Date "2008.09.15"]
[Round "1"]
[White "Tsirulnik,Mari"]
[Black "Orehek,S"]
[Result "1/2-1/2"]
[WhiteElo "2110"]
[BlackElo "1886"]

1.e4 d6 2.d4 Nf6 3.Nc3 e5 4.Nf3 Nbd7 5.Bc4 Be7 6.O-O O-O 7.Qe2 c6 8.a4 exd4
9.Nxd4 Re8 10.Re1 d5 11.exd5 Bc5 12.Ne6 fxe6 13.dxe6 Kh8 14.Be3 Bxe3 15.exd7 Bxf2+
16.Qxf2 Bxd7 17.Rxe8+ Qxe8 18.Re1 Qh5 19.h3 b5 20.Be2 Qg6 21.axb5 cxb5 22.Bxb5 Bf5
23.Re2 Rd8 24.Rd2 Rxd2 25.Qxd2 h6 26.Bd3 Bxd3 27.Qxd3 Qg5 28.Ne2 Qa5 29.b3 Qa1+
30.Kf2 Qe5 31.Ng3 Qf4+ 32.Qf3 Qd2+ 33.Qe2 Qf4+ 34.Qf3 Qd2+ 35.Kg1 Qxc2 36.Qa8+ Kh7
37.Qb8 Qd3 38.Kh2 Qc2 39.Qxa7 Qxb3 40.Nf5 Kg6 41.Ne7+ Kh7 42.Qc7 Qe6 43.Qc2+ Qe4
44.Qxe4+ Nxe4 45.g4 g6 46.Kg2 Kg7 47.Nd5  1/2-1/2

[Event "4th Pichay Cup"]
[Site "Manila PHI"]
[Date "2008.09.15"]
[Round "2"]
[White "Sukandar,I"]
[Black "Olay,E"]
[Result "1/2-1/2"]
[WhiteElo "2262"]
[BlackElo "2398"]

1.e4 d6 2.d4 Nf6 3.Nc3 e5 4.Nf3 exd4 5.Nxd4 Be7 6.Bf4 O-O 7.Qd2 a6 8.O-O-O b5
9.f3 b4 10.Nd5 Nxd5 11.exd5 a5 12.g4 Bd7 13.h4 Na6 14.g5 Nc5 15.Bc4 Rb8 16.h5 a4
17.Rdg1 b3 18.cxb3 axb3 19.a3 Ra8 20.Be3 Ra4 21.Qc3 Re8 22.Nxb3 Bf8 23.Bxc5 dxc5
24.h6 Qe7 25.Nd2 Qe3 26.Qxe3 Rxe3 27.hxg7 Bxg7 28.Re1 Bd4 29.Bb3 Ra8 30.Rxe3 Bxe3
31.Bc2 Re8 32.Kd1 Re5 33.Ne4 Rxd5+ 34.Ke2 Bd4 35.Nf6+ Bxf6 36.Bxh7+ Kg7 37.gxf6+ Kxf6
38.Be4 Rg5 39.Kf2 c4 40.Rc1 Be6  1/2-1/2

[Event "EYg14"]
[Site "Herceg Novi MNE"]
[Date "2008.09.16"]
[Round "2"]
[White "Sasmazel,B"]
[Black "Rakhmangulova,A"]
[Result "1-0"]
[WhiteElo "1837"]
[BlackElo "2053"]

1.e4 d6 2.d4 Nf6 3.Nc3 c6 4.f4 Qa5 5.e5 Ne4 6.Qf3 Nxc3 7.Bd2 dxe5 8.fxe5 Qd5
9.Qxc3 Bf5 10.Nf3 Qe4+ 11.Kd1 e6 12.Bc4 a5 13.Re1 Qg4 14.Bf1 Bb4 15.Qe3 Bxd2
16.Kxd2 Nd7 17.Ng5 Rd8 18.Be2 Qh4 19.g3 Qh6 20.Nf3 Qxe3+ 21.Kxe3 Bxc2 22.h4 h5
23.Ng5 Nb6 24.Bd3 Nd5+ 25.Kd2 Bxd3 26.Kxd3 c5 27.dxc5 Nb4+ 28.Ke4 Nc2 29.Rad1 O-O
30.Rf1 Rd5 31.Rxd5 exd5+ 32.Kd3 Nb4+ 33.Kd4 Re8 34.Nxf7 Rf8 35.e6 Nc2+ 36.Ke5 Ne3
37.Rf3 Ng4+ 38.Kxd5 Nf6+ 39.Rxf6 gxf6 40.Nd6 Rb8 41.e7  1-0

[Event "4th ch-EU"]
[Site "Liverpool ENG"]
[Date "2008.09.16"]
[Round "8"]
[White "Calzetta,M"]
[Black "Collins,S IRL"]
[Result "1-0"]
[WhiteElo "2264"]
[BlackElo "2412"]

1.e4 d6 2.d4 Nf6 3.Nc3 e5 4.Nf3 Nbd7 5.Bc4 Be7 6.O-O O-O 7.Re1 c6 8.a4 b6
9.b3 Bb7 10.Bb2 a6 11.Bd3 Re8 12.Ne2 Bf8 13.Ng3 b5 14.Qd2 g6 15.Rad1 Qc7
16.h4 exd4 17.Nxd4 c5 18.Ndf5 c4 19.Nh6+ Bxh6 20.Qxh6 c3 21.Ba3 Ng4 22.Qf4 Nde5
23.Be2 h5 24.Bxd6 Qb6 25.a5 Qxa5 26.Bxg4 Nxg4 27.Nxh5 gxh5 28.Qg5+ Kh7 29.Qxh5+ Nh6
30.Bf4 Re6 31.Bxh6 Rxh6 32.Qxf7+ Kh8 33.Qxb7 Rg8 34.Qe7 Rhg6 35.Qe5+ R8g7
36.g3 Qb6 37.Re3 b4 38.Rd7 a5 39.Rxg7 Rxg7 40.Rd3 a4 41.Rd6  1-0

[Event "4th Pichay Cup"]
[Site "Manila PHI"]
[Date "2008.09.16"]
[Round "4"]
[White "Nguyen Van Huy"]
[Black "Cantonjos,A"]
[Result "1-0"]
[WhiteElo "2386"]
[BlackElo "2205"]

1.e4 d6 2.d4 Nf6 3.Nc3 c6 4.f4 Qa5 5.Bd3 e5 6.Nf3 Nbd7 7.Qe2 Be7 8.Bd2 Qc7
9.O-O-O O-O 10.g4 Kh8 11.g5 Ng8 12.h4 b5 13.h5 b4 14.Nb1 c5 15.Nh4 exf4 16.Bxf4 h6
17.Rdg1 cxd4 18.gxh6 Nxh6 19.Bxh6 gxh6 20.Qd2 Bg5 21.Rxg5 hxg5 22.Qxg5 Ne5
23.Qh6+ Kg8 24.Rg1+ Bg4 25.Qg5+ Kh7 26.Nf5  1-0